Culture Générale - Série 2032 - Statistiques

Statistiques générales
  • Ce quiz a été pris 87 fois
  • Le résultat moyen est 4 sur 10
Statistiques - réponses
Question Réponse % Correct
Quel animal est le sajou ou sapajou ? singe
83%
Col de lingerie formé de plis ou de godrons qui porte le nom d'un fruit fraise
70%
Juge musulman remplissant des fonctions civiles, judiciaires et religieuses (son homonyme est un chariot de supermarché) cadi
58%
Corset composé d'un bustier et d'un porte-jarretelles. voir photo guêpière
47%
Quel verbe désigne pour un chat, le fait d'être en colère et de grogner ? feuler
44%
Voir les choses de travers, juger faussement, c'est "avoir la .... berlue
37%
Creuser, percer (une matière dure) pour y pratiquer un pas de vis - 8 lettres commençant par " t " tarauder
30%
Sous quel nom connait-on mieux le chanteur Reginald Kenneth Dwight ? Elton John
28%
En papeterie, c'est l'aspect de la structure du papier observable par transparence, par exemple, devant une source de lumière épair
5%
Ce mot désigne un "commérage, propos rapporté de bouche en bouche" ou un" bruit, tapage, vacarme" potin
1%
Aucun quiz correspondant
Distribution des résultats
% des personnes avec chaque résultat
Percentile par nombre de réponses
Votre historique - résultats
Vous n’avez pas pris ce quiz